| 000 | 00439nam a2200169Ia 4500 | ||
|---|---|---|---|
| 008 | 230524s9999 xx 000 0 und d | ||
| 082 |
_a658 _bFRI |
||
| 100 | _aHoward S.Friedman | ||
| 245 | 0 | _aPersonality : Classic Theories and Modern Research | |
| 250 | _aIST | ||
| 260 |
_aNEW DELHI _bPearson _c2009 |
||
| 300 | _aXXI;601 | ||
| 500 | _aQuantity Number: 25 | ||
| 650 | _aManagement | ||
| 700 | _a Miriam W.Schustack | ||
| 942 | _cBK | ||
| 999 |
_c40368 _d40368 |
||